[Event "EGY-chT"]
[Site "Egypt"]
[Date "2016.05.11"]
[Round "7.4"]
[White "Aly, Mohamed"]
[Black "Ashraf, Shereif"]
[Result "0-1"]
[WhiteElo "2006"]
[BlackElo "2066"]
[PlyCount "221"]
[EventDate "2016.05.05"]
[EventType "team-tourn"]
[EventRounds "9"]
[EventCountry "EGY"]
[SourceTitle "CBM 172 Extra"]
[Source "ChessBase"]
[SourceDate "2016.06.21"]
[SourceVersion "1"]
[SourceVersionDate "2016.06.21"]
[SourceQuality "1"]
[WhiteTeam "Abo Simbel"]
[BlackTeam "Imbaba"]
[WhiteTeamCountry "EGY"]
[BlackTeamCountry "EGY"]

1. d4 Nf6 2. Nf3 e6 3. c4 b6 4. g3 Bb7 5. Bg2 c5 6. 0-0 cxd4 7. Nxd4 Bxg2 8. Kxg2 Qc8 9. b3 Qb7+ 10. Kg1 a6 11. Nd2 Be7 12. Bb2 0-0 13. Re1 d6 14. e4 Re8 15. Qf3 Nbd7 16. Rac1 Ne5 17. Qe2 b5 18. N4f3 Nfd7 19. Rc2 Rec8 20. Rec1 Rc7 21. Nxe5 dxe5 22. a3 b4 23. a4 f6 24. f3 Nc5 25. Rb1 Rd8 26. Bc1 Rd3 27. Rcb2 Rcd7 28. Nf1 Qc7 29. Be3 Qd8 30. Qf2 Qa5 31. Kg2 Nb7 32. Bb6 Bc5 33. Bxa5 Bxf2 34. Bxb4 Bc5 35. Be1 a5 36. b4 axb4 37. Bxb4 Bxb4 38. Rxb4 Nc5 39. Ra1 Rc3 40. a5 Rc2+ 41. Kg1 h5 42. Rb6 Rxc4 43. Ra2 Rc1 44. Kf2 Nd3+ 45. Kg2 Ne1+ 46. Kg1 Rdd1 47. Ne3 Nxf3+ 48. Kf2 Rd2+ 49. Rxd2 Nxd2 50. Rxe6 Nxe4+ 51. Kg2 Ra1 52. Ra6 Ra2+ 53. Kg1 Nc5 54. Ra7 Ne6 55. Nf5 Kh7 56. Re7 Nd4 57. Nxd4 exd4 58. Rd7 Rxa5 59. Rxd4 Ra2 60. Rb4 g5 61. Rb5 Kg6 62. Rb4 Kf5 63. Rc4 Re2 64. Ra4 Re4 65. Ra6 h4 66. gxh4 Rxh4 67. Ra5+ Kg4 68. Ra4+ Kh5 69. Ra5 Rf4 70. Kg2 Kg4 71. Ra3 Rb4 72. Rg3+ Kf4 73. Rf3+ Ke5 74. Ra3 Rg4+ 75. Kf2 Rc4 76. Kg2 Kf5 77. Rb3 Kg4 78. Rg3+ Kh5 79. Rh3+ Kg6 80. Ra3 f5 81. Ra2 Rc3 82. Rb2 Kh5 83. Ra2 Kg4 84. Ra4+ f4 85. Ra5 Rc2+ 86. Kg1 Kh4 87. Ra4 Kg4 88. Rb4 Re2 89. Ra4 Kf3 90. Ra1 Rb2 91. Kh1 Rc2 92. Kg1 g4 93. Rf1+ Ke4 94. Re1+ Kf5 95. Ra1 Kg5 96. Rf1 Ra2 97. Kh1 Rb2 98. Kg1 Ra2 99. Kh1 Re2 100. Kg1 Kf5 101. Rd1 Ke4 102. Ra1 f3 103. Ra4+ Kf5 104. Ra8 Kf4 105. Ra4+ Re4 106. Ra3 Re1+ 107. Kf2 Rh1 108. Ra4+ Kg5 109. Ra8 Rxh2+ 110. Kg1 Rb2 111. Ra4 0-1